Fighting poverty, inequality and injustice: a manifesto inspired by Peter Townsend (Record no. 43268)

MARC details
000 -LEADER
fixed length control field 00763nam a2200205 a 4500
008 - FIXED-LENGTH DATA ELEMENTS--GENERAL INFORMATION
fixed length control field 160802s2011 ||||||||||||||||| || u
020 ## - INTERNATIONAL STANDARD BOOK NUMBER
International Standard Book Number 9781847427151
050 ## - LIBRARY OF CONGRESS CALL NUMBER
Classification number HM 671 Fig
100 ## - MAIN ENTRY--PERSONAL NAME
Personal name Walker, Carol
245 10 - TITLE STATEMENT
Title Fighting poverty, inequality and injustice: a manifesto inspired by Peter Townsend
Statement of responsibility, etc. Edited by Alan Walker, Adrian Sinfield and Carol Walker
260 ## - PUBLICATION, DISTRIBUTION, ETC.
Place of publication, distribution, etc. Bristol
Name of publisher, distributor, etc. The Policy Press
Date of publication, distribution, etc. 2011
300 ## - PHYSICAL DESCRIPTION
Extent xiii, 312p.: ill.
350 ## - PRICE (NR) (BK AM CF MU VM SE) [OBSOLETE]
Price 99.00
650 #0 - SUBJECT ADDED ENTRY--TOPICAL TERM
Topical term or geographic name entry element EQUALITY
650 ## - SUBJECT ADDED ENTRY--TOPICAL TERM
Topical term or geographic name entry element POVERTY
650 #0 - SUBJECT ADDED ENTRY--TOPICAL TERM
Topical term or geographic name entry element SOCIAL JUSTICE
700 ## - ADDED ENTRY--PERSONAL NAME
Personal name Sinfield, Adrian
700 ## - ADDED ENTRY--PERSONAL NAME
Personal name Walker, Alan
995 ## - RECOMMENDATION 995 [LOCAL, UNIMARC FRANCE]
-- CBU-MAIN LIBRARY (Kitwe)
-- 99.00
-- 1
-- AVAILABLE
-- Aug 4, 2016
-- Main Library Open Access Collection
Holdings
Withdrawn status Lost status Source of classification or shelving scheme Damaged status Not for loan Home library Current library Shelving location Date acquired Total Checkouts Full call number Barcode Date last seen Price effective from Koha item type
          CBU-MAIN LIBRARY, KITWE. CBU-MAIN LIBRARY, KITWE.   11/30/2022   HM 671 Fig 746329 11/30/2022 11/30/2022 MONOGRAPH